|
|
|
|
| LEADER |
02052nam a2200589 a 4500 |
| 001 |
nkc20071714532 |
| 003 |
CZ PrNK |
| 005 |
20120713132233.0 |
| 007 |
ta |
| 008 |
070411s2005 xr g 000 p cze |
| 015 |
|
|
|a cnb001714532
|
| 020 |
|
|
|a 80-86300-60-9
|q (v knize neuvedeno :
|q brož.)
|
| 035 |
|
|
|a (OCoLC)137330783
|
| 040 |
|
|
|a ABA001
|b cze
|
| 041 |
1 |
|
|a cze
|h cel
|
| 043 |
|
|
|a e-ie---
|
| 045 |
|
|
|a k-r-
|
| 072 |
|
7 |
|a 821
|x Literatura v různých jazycích
|2 Konspekt
|9 25
|
| 080 |
|
|
|a 821.152.1-1
|2 MRF
|
| 080 |
|
|
|a 82-1"04/14"
|2 MRF
|
| 080 |
|
|
|a (417)
|2 MRF
|
| 080 |
|
|
|a (0:82-1)
|2 MRF
|
| 080 |
|
|
|a (082.21)
|2 MRF
|
| 080 |
|
|
|a (0.072)
|2 MRF
|
| 080 |
|
|
|a (048.8)
|2 MRF
|
| 245 |
0 |
0 |
|a Krása i jed :
|b čtyřverší irského středověku 7.-14. století /
|c vybral a přeložil [a komentářem opatřil] Daniel Samek ; přebásnil Jaroslav Tulka
|
| 260 |
|
|
|a V Praze :
|b Arbor vitae,
|c 2005
|
| 300 |
|
|
|a 254 s. ;
|c 16 cm
|
| 500 |
|
|
|a Přeloženo z irštiny?
|
| 500 |
|
|
|a 1000 výt.
|
| 504 |
|
|
|a Obsahuje bibliografii a bibliografické odkazy
|
| 648 |
|
4 |
|a 7.-14. stol.
|
| 650 |
0 |
7 |
|a irská poezie
|7 ph121195
|y 7.-14. stol.
|2 czenas
|
| 650 |
0 |
7 |
|a středověká poezie
|7 ph126233
|z Irsko
|y 7.-14. stol.
|2 czenas
|
| 650 |
0 |
9 |
|a Irish poetry
|z Ireland
|y 7th-14th centuries
|2 eczenas
|
| 650 |
0 |
9 |
|a medieval poetry
|z Ireland
|y 7th-14th centuries
|2 eczenas
|
| 655 |
|
7 |
|a irská poezie
|7 fd250105
|2 czenas
|
| 655 |
|
7 |
|a výbory
|7 fd133853
|2 czenas
|
| 655 |
|
7 |
|a komentovaná vydání
|7 fd132577
|2 czenas
|
| 655 |
|
7 |
|a studie
|7 fd133597
|2 czenas
|
| 655 |
|
9 |
|a Irish poetry
|2 eczenas
|
| 655 |
|
9 |
|a selected works
|2 eczenas
|
| 655 |
|
9 |
|a annotated editions
|2 eczenas
|
| 655 |
|
9 |
|a studies
|2 eczenas
|
| 700 |
1 |
|
|a Samek, Daniel,
|d 1974-
|7 js20030818013
|4 edt
|4 trl
|
| 700 |
1 |
|
|a Tulka, Jaroslav
|7 mzk2003175492
|4 aut
|
| 910 |
2 |
|
|a BOA001
|b 1-1219.761
|
| 928 |
9 |
|
|a Arbor vitae
|
| 990 |
|
|
|a BK
|
| 995 |
|
|
|a 01
|
| 991 |
|
|
|b 200903
|
| 996 |
6 |
|
|b 2610369835
|c 1-1219.761
|l MZK
|r Sklad / do 1 hodiny
|n 0
|p p.v.
|w 000930208
|u 000010
|a 1
|e BOA001
|j MZK50
|s P
|